Química orgánica

שמור ב:
מידע ביבליוגרפי
Main Authors: Fox, Marye Anne (Author), Whitesell, James K (Author)
פורמט: ספר
שפה:ספרדית
יצא לאור: Ciudad de México Prentice Hall 2000
מהדורה:2a. ed
נושאים:
תגים: הוספת תג
אין תגיות, היה/י הראשונ/ה לתייג את הרשומה!

MARC

LEADER 00000nam a2200000 a 4500
001 UCM2410
003 CL-VaPUC
008 020510e20000000MX |||||||||||||||||spa|d
082 0 4 |a 547  |b FOX  |2 21 
100 0 |a Fox, Marye Anne  |e author  |9 469165 
700 0 |a Whitesell, James K  |e author  |9 469166 
245 1 0 |a Química orgánica 
250 |a 2a. ed 
300 |a Pág. irreg 
942 |c BK 
945 |d 20020510 00:00:00  |a vberengu 
260 |a Ciudad de México  |b Prentice Hall  |c 2000 
500 |a Incluye cd 
650 0 |a Enlaces químicos  |9 306789 
650 0 |a Alquenos  |9 461013 
650 7 |a ESTEREOQUIMICA  |2 CL-VaPUC  |9 306790 
650 7 |a ESTRUCTURA QUIMICA  |2 CL-VaPUC  |9 319669 
650 0 |a Espectroscopía  |9 306791 
650 7 |a CARBOHIDRATOS  |2 CL-VaPUC  |9 306793 
650 0 |a Alquinos  |9 469167 
650 0 |a Cromatografía   |9 263967 
650 7 |a REACCIONES ORGANICAS  |2 CL-VaPUC  |9 469168 
583 |a last modification  |c 20020510 00:00:00  |k Rodrigo Vera 
999 |c 300259  |d 300257 
952 |0 0  |1 0  |4 0  |6 547_000000000000000_FOX_2000  |7 0  |8 A  |9 357803  |a BIBCUR  |b BIBCUR  |d 2019-11-21  |i 3816273  |o 547 FOX 2000  |p 3816273  |r 2025-04-22  |w 2019-11-21  |y BK  |k BCB 
952 |0 0  |1 0  |4 0  |6 547_000000000000000_FOX_2000  |7 0  |8 A  |9 357804  |a BIBCUR  |b BIBCUR  |d 2019-11-21  |i 3817466  |o 547 FOX 2000  |p 3817466  |r 2025-04-22  |w 2019-11-21  |y BK  |k BCB 
952 |0 0  |1 0  |4 0  |6 547_000000000000000_FOX_2000  |7 0  |8 A  |9 357805  |a BIBCUR  |b BIBCUR  |d 2019-11-21  |i 3817474  |o 547 FOX 2000  |p 3817474  |r 2025-04-22  |w 2019-11-21  |y BK  |k BCB 
952 |0 0  |1 0  |4 0  |6 547_000000000000000_FOX_2000  |7 0  |8 A  |9 357806  |a BIBCUR  |b BIBCUR  |d 2019-11-21  |i 3817490  |o 547 FOX 2000  |p 3817490  |r 2025-04-22  |w 2019-11-21  |y BK  |k BCB 
952 |0 0  |1 0  |4 0  |6 547_000000000000000_FOX_2000  |7 0  |8 A  |9 357807  |a BIBCUR  |b BIBCUR  |d 2019-11-21  |i 3817504  |o 547 FOX 2000  |p 3817504  |r 2025-04-22  |w 2019-11-21  |y BK  |k BCB 
952 |0 0  |1 0  |4 0  |6 547_000000000000000_FOX_2000  |7 0  |8 A  |9 357808  |a BIBCUR  |b BIBCUR  |d 2019-11-21  |i 3817512  |l 1  |o 547 FOX 2000  |p 3817512  |r 2025-04-22  |s 2024-08-29  |w 2019-11-21  |y BK  |k BCB 
952 |0 0  |1 0  |4 0  |6 547_000000000000000_FOX_2000  |7 0  |8 A  |9 357809  |a BIBCUR  |b BIBCUR  |d 2019-11-21  |i 3817520  |o 547 FOX 2000  |p 3817520  |r 2025-04-22  |w 2019-11-21  |y BK  |k BCB 
952 |0 0  |1 0  |4 0  |6 547_000000000000000_FOX_2000  |7 0  |8 A  |9 357810  |a BIBCUR  |b BIBCUR  |d 2019-11-21  |i 3817539  |l 3  |m 2  |o 547 FOX 2000  |p 3817539  |r 2025-04-22  |s 2022-12-13  |w 2019-11-21  |y BK  |k BCB 
952 |0 0  |1 0  |4 0  |6 547_000000000000000_FOX_2000  |7 0  |8 A  |9 357811  |a BIBCUR  |b BIBCUR  |d 2019-11-21  |i 3817547  |o 547 FOX 2000  |p 3817547  |r 2025-04-22  |w 2019-11-21  |y BK  |k BCB 
952 |0 0  |1 0  |4 0  |6 547_000000000000000_FOX_2000  |7 0  |8 A  |9 357812  |a BIBCUR  |b BIBCUR  |d 2019-11-21  |i 3845354  |o 547 FOX 2000  |p 3845354  |r 2025-04-22  |w 2019-11-21  |y BK  |k QUI 
952 |0 0  |1 0  |4 0  |6 547_000000000000000_FOX_2000  |7 0  |8 A  |9 357813  |a BIBCUR  |b BIBCUR  |d 2019-11-21  |i 3845362  |o 547 FOX 2000  |p 3845362  |r 2025-04-22  |w 2019-11-21  |y BK  |k QUI 
952 |0 0  |1 0  |4 0  |6 547_000000000000000_FOX_2000  |7 0  |8 A  |9 357814  |a BIBCUR  |b BIBCUR  |d 2019-11-21  |i 3845370  |o 547 FOX 2000  |p 3845370  |r 2025-04-22  |w 2019-11-21  |y BK  |k QUI